Atlas de Avenida Chapultepec
में बचाया:
| मुख्य लेखक: | |
|---|---|
| अन्य लेखक: | |
| स्वरूप: | पुस्तक |
| भाषा: | Spanish |
| प्रकाशित: |
[San José, Costa Rica],
2017
|
| विषय: |
MATERIALES AUDIOVISUALES - PRODUCCION - MEXICO (CIUDAD) - ATLAS
> CIUDADES Y PUEBLOS - DISEÑO Y CONSTRUCCION - MEXICO (CIUDAD) - FOTOGRAFIAS
> MEXICO (CIUDAD) - VIDA SOCIAL Y COSTUMBRES - FOTOGRAFIAS
> PAISAJE URBANO - MEXICO (CIUDAD) - FOTOGRAFIAS
> MEXICO (CIUDAD) - CONDICIONES AMBIENTALES
> REPRESENTACIONES SOCIALES
> COMUNICACION VISUAL
> URBANISMO
> MAGENES DIGITALES
|
| टैग: |
टैग जोड़ें
कोई टैग नहीं, इस रिकॉर्ड को टैग करने वाले पहले व्यक्ति बनें!
|
MARC
| LEADER | 00000nam a22000007a 4500 | ||
|---|---|---|---|
| 003 | EA0210 | ||
| 005 | 20230302082152.0 | ||
| 008 | 181008b2017 cr a|||| ||m| 00| ||spa d | ||
| 040 | |c cru CEDI | ||
| 090 | |a TFG EA-210 | ||
| 100 | |9 14197 |a Solano Rodríguez, Ana Laura | ||
| 245 | |a Atlas de Avenida Chapultepec | ||
| 260 | |a [San José, Costa Rica], |c 2017 | ||
| 300 | |a 66, 41, 47 páginas (14 páginas plegadas) : ilustraciones (algunas a color, fotografías en blanco y negro. | ||
| 500 | |a Trabajo de graduación (licenciatura en arquitectura)--Universidad de Costa Rica. Facultad de Ingeniería. Escuela de Arquitectura | ||
| 501 | |a Director de Trabajo Final de Graduación: Arq. Carlos Mata | ||
| 650 | |x MATERIALES AUDIOVISUALES - PRODUCCION - MEXICO (CIUDAD) - ATLAS |x CIUDADES Y PUEBLOS - DISEÑO Y CONSTRUCCION - MEXICO (CIUDAD) - FOTOGRAFIAS |x MEXICO (CIUDAD) - VIDA SOCIAL Y COSTUMBRES - FOTOGRAFIAS |x PAISAJE URBANO - MEXICO (CIUDAD) - FOTOGRAFIAS |x MEXICO (CIUDAD) - CONDICIONES AMBIENTALES |x REPRESENTACIONES SOCIALES |x COMUNICACION VISUAL |x URBANISMO |x MAGENES DIGITALES |9 14198 | ||
| 700 | |9 127 |a Mata Quesada, Carlos |d Director del TFG | ||
| 942 | |c CEDI | ||
| 999 | |c 20933 |d 20933 | ||
